[Event "Ivy League Chess Challenge"]
[Site "Toronto CAN"]
[Date "2019.11.09"]
[Round "3.10"]
[White "Li, Ethan"]
[Black "Plotkin, Mark"]
[Result "0-1"]
[WhiteElo "2231"]
[BlackElo "2378"]
[PlyCount "92"]
[EventDate "2019.11.08"]
[EventType "team"]
[EventRounds "5"]
[EventCountry "CAN"]
[WhiteTeam "Princeton"]
[BlackTeam "Toronto A"]

1. d4 g6 2. Nf3 Bg7 3. c4 d6 4. e3 e5 5. Nc3 Nc6 6. Be2 f5 7. d5 Nce7 8. Rb1
Nf6 9. b4 h6 10. Qa4+ Bd7 11. Qb3 O-O 12. O-O g5 13. c5 Ng6 14. Ba3 b6 15. Bb5
Bxb5 16. Nxb5 g4 17. Nd2 a6 18. Nc3 b5 19. Bb2 Nh7 20. Ra1 Qh4 21. a4 f4 22.
Qc2 Rf6 23. Nde4 Rf5 24. g3 Qh3 25. f3 gxf3 26. axb5 fxe3 27. bxa6 Ng5 28. Nxg5
hxg5 29. Ne4 g4 30. b5 Raf8 31. a7 f2+ 32. Nxf2 Rxf2 33. Rxf2 exf2+ 34. Qxf2
Rxf2 35. a8=Q+ Kh7 36. Kxf2 Qxh2+ 37. Kf1 Qxb2 38. b6 Qb5+ 39. Kg2 Qe2+ 40. Kh1
Qf3+ 41. Kh2 cxb6 42. cxd6 Qf2+ 43. Kh1 Nf4 44. Rg1 Nh3 45. Rg2 Qf1+ 46. Kh2
Ng5 0-1

[Event "Ivy League Chess Challenge"]
[Site "Toronto CAN"]
[Date "2019.11.09"]
[Round "3.11"]
[White "Zhou, Qiyu"]
[Black "Yang, Christopher"]
[Result "1-0"]
[WhiteElo "2212"]
[BlackElo "2145"]
[PlyCount "75"]
[EventDate "2019.11.08"]
[EventType "team"]
[EventRounds "5"]
[EventCountry "CAN"]
[WhiteTeam "Toronto A"]
[BlackTeam "Princeton"]

1. e4 c5 2. Nf3 Nc6 3. d4 cxd4 4. Nxd4 Nf6 5. Nc3 d6 6. Bg5 e6 7. Qd2 a6 8.
O-O-O Bd7 9. f3 Be7 10. Be3 b5 11. Nxc6 Bxc6 12. Ne2 Rc8 13. Nd4 Bb7 14. Kb1 d5
15. e5 Nd7 16. f4 b4 17. Bd3 O-O 18. g4 a5 19. Rhf1 Bc5 20. Rf3 Re8 21. Rh3 Nf8
22. Bb5 Re7 23. Qf2 Qb6 24. Bd3 g6 25. Rf1 Ba6 26. Bxa6 Qxa6 27. f5 exf5 28.
gxf5 Rec7 29. fxg6 fxg6 30. Rf3 Nd7 31. Bh6 Qa8 32. Qe3 Bxd4 33. Qxd4 Rc4 34.
Qf2 Rxc2 35. Qxc2 Rxc2 36. Kxc2 Qc6+ 37. Kb1 g5 38. Rf8+ 1-0

[Event "Ivy League Chess Challenge"]
[Site "Toronto CAN"]
[Date "2019.11.09"]
[Round "3.12"]
[White "Martinez, Isaac"]
[Black "Bellissimo, Joseph"]
[Result "1/2-1/2"]
[WhiteElo "2063"]
[BlackElo "2201"]
[PlyCount "105"]
[EventDate "2019.11.08"]
[EventType "team"]
[EventRounds "5"]
[EventCountry "CAN"]
[WhiteTeam "Princeton"]
[BlackTeam "Toronto A"]

1. c4 e6 2. Nf3 Nf6 3. Nc3 d5 4. e3 dxc4 5. Bxc4 a6 6. a4 c5 7. d4 Nc6 8. O-O
Be7 9. dxc5 Qc7 10. e4 Bxc5 11. Qe2 Ng4 12. g3 Nge5 13. Bf4 g5 14. Nxg5 Rg8 15.
Kh1 Rxg5 16. Bxg5 Nd4 17. Bb5+ axb5 18. Nxb5 Nxb5 19. axb5 Rxa1 20. Rxa1 b6 21.
Rc1 Qb8 22. Rd1 Nd7 23. Qc2 Qe5 24. Bf4 Qh5 25. Kg1 Bxf2+ 26. Kg2 Bc5 27. b4 e5
28. Be3 Bb7 29. bxc5 bxc5 30. Rxd7 Kxd7 31. Bxc5 Qf5 32. Qd2+ Kc8 33. Qd6 Qxe4+
34. Kf2 Qf3+ 35. Ke1 Qh1+ 36. Ke2 Qxh2+ 37. Bf2 Qh5+ 38. Kd2 Qf3 39. Qc5+ Kd7
40. Qe3 Qd5+ 41. Qd3 Ke6 42. Qxd5+ Kxd5 43. Ba7 Ke4 44. Ke2 Bd5 45. Kf2 Bc4 46.
b6 Ba6 47. Bb8 h5 48. Bc7 Bb7 49. Bd8 Kf5 50. Be7 Kg4 51. Bf6 e4 52. Be5 f5 53.
Ke3 1/2-1/2

[Event "Ivy League Chess Challenge"]
[Site "Toronto CAN"]
[Date "2019.11.09"]
[Round "4.1"]
[White "Webster, Dex"]
[Black "Tang, Andrew"]
[Result "0-1"]
[WhiteElo "2077"]
[BlackElo "2507"]
[PlyCount "118"]
[EventDate "2019.11.08"]
[EventType "team"]
[EventRounds "5"]
[EventCountry "CAN"]
[WhiteTeam "Yale"]
[BlackTeam "Princeton"]

1. e4 e5 2. Nf3 Nc6 3. Bb5 g6 4. O-O Bg7 5. c3 a6 6. Ba4 b5 7. Bb3 Nge7 8. d4
exd4 9. cxd4 Na5 10. Bc2 O-O 11. Bg5 h6 12. Bh4 d6 13. Nc3 Bg4 14. a4 g5 15.
Bg3 b4 16. Ne2 b3 17. Bxb3 Nxb3 18. Qxb3 Qd7 19. Rac1 Rfb8 20. Qc2 Ra7 21. h4
Bxf3 22. gxf3 gxh4 23. Bxh4 Ng6 24. Bg3 h5 25. Qd2 h4 26. Bh2 Qxa4 27. Qg5 Qb5
28. Qxb5 Rxb5 29. Rc2 Rab7 30. Rb1 Rb4 31. Kf1 Bxd4 32. Nxd4 Rxd4 33. Ra1 Rdb4
34. Rxa6 Rxb2 35. Rxb2 Rxb2 36. Rc6 h3 37. Rxc7 Rb1+ 38. Ke2 Rh1 39. Bxd6 h2
40. Bxh2 Rxh2 41. Rc5 Rh3 42. Ra5 Kg7 43. Rb5 Nf4+ 44. Ke3 Ne6 45. Ra5 Rh1 46.
Ra4 Re1+ 47. Kd2 Rb1 48. Ra3 Nf4 49. Ke3 Ng2+ 50. Kd4 Rb2 51. Ke5 Rxf2 52. Rb3
Rf1 53. Kf5 Nh4+ 54. Kg4 Ng6 55. Rb5 Nf8 56. f4 Ne6 57. f5 Rg1+ 58. Kh4 Nd4 59.
Rb7 Nf3+ 0-1

[Event "Ivy League Chess Challenge"]
[Site "Toronto CAN"]
[Date "2019.11.09"]
[Round "4.2"]
[White "Li, Ethan"]
[Black "Khanna, Nalin"]
[Result "1/2-1/2"]
[WhiteElo "2231"]
[BlackElo "2107"]
[PlyCount "74"]
[EventDate "2019.11.08"]
[EventType "team"]
[EventRounds "5"]
[EventCountry "CAN"]
[WhiteTeam "Princeton"]
[BlackTeam "Yale"]

1. d4 Nf6 2. Nf3 e6 3. e3 c5 4. Bd3 b6 5. b3 Bb7 6. Nbd2 Be7 7. Bb2 d6 8. c4
O-O 9. O-O Nbd7 10. Re1 cxd4 11. exd4 Re8 12. Rc1 Rc8 13. Bb1 Bf8 14. Rc3 g6
15. Ba3 Qc7 16. Qc2 Nd5 17. Rd3 e5 18. dxe5 Nxe5 19. Nxe5 Rxe5 20. Rxe5 dxe5
21. Bxf8 Kxf8 22. Qb2 Nf4 23. Re3 Rd8 24. Be4 Bxe4 25. Rxe4 Nd3 26. Qc3 f6 27.
Re3 Qd7 28. Ne4 Kg7 29. h3 Nf4 30. Kh2 Ne6 31. Rf3 Rf8 32. Rd3 Nd4 33. Qb4 Qc6
34. Nd2 Qc7 35. Kh1 Rd8 36. Nf3 Nxf3 37. Rxd8 Qxd8 1/2-1/2

[Event "Ivy League Chess Challenge"]
[Site "Toronto CAN"]
[Date "2019.11.09"]
[Round "4.3"]
[White "Vishwanathan, Ram"]
[Black "Yang, Christopher"]
[Result "1/2-1/2"]
[WhiteElo "1922"]
[BlackElo "2145"]
[PlyCount "50"]
[EventDate "2019.11.08"]
[EventType "team"]
[EventRounds "5"]
[EventCountry "CAN"]
[WhiteTeam "Yale"]
[BlackTeam "Princeton"]

1. e4 c5 2. Nf3 Nc6 3. d4 cxd4 4. Nxd4 Nf6 5. Nc3 d6 6. Bg5 e6 7. Qd2 a6 8.
O-O-O Bd7 9. Be2 b5 10. Nxc6 Bxc6 11. Qe3 Qa5 12. Kb1 Be7 13. Bf3 Qc7 14. Bxf6
gxf6 15. Ne2 Rc8 16. Nd4 Bd7 17. Rd2 Qc5 18. c3 a5 19. Rhd1 b4 20. cxb4 Qxb4
21. Rc2 O-O 22. Rdc1 Rb8 23. Qc3 f5 24. Qxb4 Rxb4 25. Rc4 Bf6 1/2-1/2

[Event "Ivy League Chess Challenge"]
[Site "Toronto CAN"]
[Date "2019.11.09"]
[Round "4.4"]
[White "Martinez, Isaac"]
[Black "Gerasimiuk, Michal"]
[Result "1-0"]
[WhiteElo "2063"]
[BlackElo "1642"]
[PlyCount "97"]
[EventDate "2019.11.08"]
[EventType "team"]
[EventRounds "5"]
[EventCountry "CAN"]
[WhiteTeam "Princeton"]
[BlackTeam "Yale"]

1. c4 Nf6 2. Nf3 g6 3. Nc3 Bg7 4. e4 d6 5. d4 O-O 6. Be2 e5 7. d5 a5 8. O-O Na6
9. Bg5 h6 10. Bh4 Qe8 11. Nd2 h5 12. f3 Nh7 13. Re1 Bh6 14. Nf1 Nc5 15. b3 Bd7
16. a3 a4 17. b4 Nb3 18. Rb1 Nd4 19. c5 f5 20. Bc4 Kh8 21. Qd3 g5 22. Bf2 f4
23. Bxd4 exd4 24. Ne2 g4 25. Nxd4 Qe5 26. Nd2 Ng5 27. Kh1 Bg7 28. Nf5 Bxf5 29.
exf5 Qxf5 30. Re7 Qxd3 31. Bxd3 Rac8 32. Bg6 Bf6 33. Rd7 Rfd8 34. Rxd8+ Rxd8
35. c6 bxc6 36. dxc6 gxf3 37. Nxf3 Nxf3 38. gxf3 h4 39. b5 Kg7 40. Bf5 Bc3 41.
b6 Ba5 42. b7 Rb8 43. Kg2 Kf6 44. Bc8 Bc3 45. Rb5 Bd2 46. Kf2 Ke7 47. Ke2 Bc3
48. Kd3 Be1 49. Rf5 1-0

[Event "Ivy League Chess Challenge"]
[Site "Toronto CAN"]
[Date "2019.11.09"]
[Round "4.5"]
[White "Jacobson, Aaron"]
[Black "Patel, Advait"]
[Result "1/2-1/2"]
[WhiteElo "2340"]
[BlackElo "2460"]
[PlyCount "46"]
[EventDate "2019.11.08"]
[EventType "team"]
[EventRounds "5"]
[EventCountry "CAN"]
[WhiteTeam "Harvard"]
[BlackTeam "Toronto A"]

1. d4 Nf6 2. c4 d6 3. Nc3 e5 4. d5 Bf5 5. f3 e4 6. g4 Bg6 7. g5 Nfd7 8. fxe4
Be7 9. h4 h6 10. Bh3 Ne5 11. Nf3 hxg5 12. Bxg5 Nbd7 13. Bxd7+ Nxd7 14. Rg1 Bf6
15. Qd2 Qe7 16. Qe3 a6 17. Bxf6 Qxf6 18. O-O-O O-O-O 19. Rdf1 Qe7 20. Qd4 Rh7
21. h5 Rxh5 22. Qxg7 Re8 23. Nd2 Ne5 1/2-1/2

[Event "Ivy League Chess Challenge"]
[Site "Toronto CAN"]
[Date "2019.11.09"]
[Round "4.6"]
[White "Plotkin, Mark"]
[Black "Pinisetti, Prateek"]
[Result "1-0"]
[WhiteElo "2378"]
[BlackElo "2130"]
[PlyCount "69"]
[EventDate "2019.11.08"]
[EventType "team"]
[EventRounds "5"]
[EventCountry "CAN"]
[WhiteTeam "Toronto A"]
[BlackTeam "Harvard"]

1. d4 Nf6 2. Nf3 g6 3. g3 Bg7 4. Bg2 O-O 5. O-O d6 6. Nc3 Nbd7 7. a4 e5 8. dxe5
dxe5 9. a5 Qe7 10. Ra4 Nc5 11. Rh4 Rd8 12. Qe1 Bf5 13. e4 Bg4 14. Bg5 Bxf3 15.
Bxf3 c6 16. Qc1 Ne6 17. Be3 Nd7 18. Be2 b5 19. Rh3 Ndc5 20. f3 Bf6 21. Nd1 Nd4
22. Bxd4 Rxd4 23. Qh6 Ne6 24. Qxh7+ Kf8 25. f4 exf4 26. gxf4 Rxe4 27. Bd3 Rd4
28. Ne3 Bg7 29. Ng2 Qc5 30. Kh1 Qd5 31. Rhf3 Qh5 32. Qxh5 gxh5 33. f5 Ng5 34.
f6 Bh6 35. Rf5 1-0

[Event "Ivy League Chess Challenge"]
[Site "Toronto CAN"]
[Date "2019.11.09"]
[Round "4.7"]
[White "Ascherman, Sarah"]
[Black "Zhou, Qiyu"]
[Result "0-1"]
[WhiteElo "1937"]
[BlackElo "2212"]
[PlyCount "70"]
[EventDate "2019.11.08"]
[EventType "team"]
[EventRounds "5"]
[EventCountry "CAN"]
[WhiteTeam "Harvard"]
[BlackTeam "Toronto A"]

1. d4 Nf6 2. c4 e6 3. Nc3 Bb4 4. a3 Bxc3+ 5. bxc3 c5 6. Qc2 d5 7. e3 O-O 8. Bd3
b6 9. Ne2 Bb7 10. O-O Nc6 11. Rb1 dxc4 12. Bxc4 Na5 13. Bd3 c4 14. Bxh7+ Nxh7
15. Rb5 Nf6 16. Qb1 Be4 17. Qb2 Bc6 18. Re5 Nd7 19. Rh5 Be4 20. f3 Bg6 21. Rh3
e5 22. f4 Bf5 23. Rh5 g6 24. fxe5 Bg4 25. Rh6 Nb3 26. e6 Bxe6 27. Rf4 Qg5 28.
Rfh4 Nf6 29. Nf4 Bg4 30. e4 Nxc1 31. Qxc1 Nh5 32. Qf1 Qxh4 33. Nxg6 fxg6 34.
Qxc4+ Kg7 35. Qc7+ Kxh6 0-1

[Event "Ivy League Chess Challenge"]
[Site "Toronto CAN"]
[Date "2019.11.09"]
[Round "4.8"]
[White "Bellissimo, Joseph"]
[Black "Papanek, Ella"]
[Result "1-0"]
[WhiteElo "2201"]
[BlackElo "1789"]
[PlyCount "85"]
[EventDate "2019.11.08"]
[EventType "team"]
[EventRounds "5"]
[EventCountry "CAN"]
[WhiteTeam "Toronto A"]
[BlackTeam "Harvard"]

1. e4 c5 2. Nf3 e6 3. c3 Nf6 4. e5 Nd5 5. d4 d6 6. Bc4 Nb6 7. Bd3 Nc6 8. O-O
cxd4 9. cxd4 Nb4 10. Be2 dxe5 11. Nxe5 Bd7 12. Nc3 a6 13. Bf3 Bc6 14. Re1 Bd6
15. Bxc6+ Nxc6 16. Qg4 g6 17. Bg5 Be7 18. Nxf7 Kxf7 19. Qxe6+ Kf8 20. Bh6+ Ke8
21. d5 Nd4 22. Qe5 Nc2 23. Qxh8+ Kd7 24. Qxh7 Nxe1 25. Rxe1 Qe8 26. d6 Kxd6 27.
Bf4+ Kd7 28. Bg5 Nc8 29. Nd5 Kc6 30. Nxe7+ Nxe7 31. Qxe7 Qxe7 32. Bxe7 Re8 33.
Bb4 Rg8 34. f4 Kb5 35. Bc3 Rf8 36. Rf1 Kc4 37. g4 b5 38. f5 gxf5 39. gxf5 Rg8+
40. Kh1 b4 41. Rf4+ Kd3 42. Bxb4 Ke3 43. f6 1-0

[Event "Ivy League Chess Challenge"]
[Site "Toronto CAN"]
[Date "2019.11.09"]
[Round "4.9"]
[White "Altschuler, Jason"]
[Black "Wenzhi, Dai"]
[Result "1/2-1/2"]
[WhiteElo "2198"]
[BlackElo "2093"]
[PlyCount "180"]
[EventDate "2019.11.08"]
[EventType "team"]
[EventRounds "5"]
[EventCountry "CAN"]
[WhiteTeam "MIT"]
[BlackTeam "Toronto B"]

1. e4 e6 2. d4 d5 3. Nd2 Nf6 4. e5 Nfd7 5. Bd3 c5 6. c3 Nc6 7. Ngf3 cxd4 8.
cxd4 f6 9. exf6 Nxf6 10. O-O Bd6 11. Re1 O-O 12. Nb3 Qc7 13. Qe2 Bd7 14. Bg5
Rae8 15. Ne5 Re7 16. Bh4 Be8 17. Rac1 Qb8 18. Bg3 Nh5 19. Nxc6 bxc6 20. Qc2 h6
21. Bxd6 Qxd6 22. Re5 Nf4 23. Rce1 Rf6 24. Nc5 Qb8 25. a3 Nxd3 26. Qxd3 Qxb2
27. R5e2 Qb8 28. Nxe6 Bg6 29. Qd2 Qd6 30. Nc5 Rxe2 31. Rxe2 Qf4 32. Re3 Bh5 33.
Nd7 Rf7 34. Re8+ Kh7 35. Qxf4 Rxf4 36. Nf8+ Kg8 37. Ng6+ Kh7 38. Nxf4 Bxe8 39.
g4 Bd7 40. f3 g5 41. Nd3 Kg7 42. Kf2 Kf6 43. Kg3 Be8 44. f4 gxf4+ 45. Kxf4 Ke6
46. h4 Kd6 47. a4 Bg6 48. Nc5 a5 49. h5 Bc2 50. g5 hxg5+ 51. Kxg5 Ke7 52. h6
Kf7 53. Nb7 Bxa4 54. Nxa5 c5 55. dxc5 d4 56. Nc4 Kg8 57. Ne5 Bb5 58. Kg6 Be8+
59. Kg5 Bb5 60. Kg6 Be8+ 61. Kf5 Kh7 62. Ke4 Kxh6 63. Kxd4 Kg7 64. Kd5 Kf6 65.
Kd6 Ba4 66. Nc4 Kf7 67. Nb6 Bb5 68. Nd5 Ba4 69. Nc3 Be8 70. Ne4 Ba4 71. Kc7 Ke7
72. Nc3 Be8 73. Nd5+ Ke6 74. Nc3 Ke7 75. Nd5+ Ke6 76. Nb6 Bb5 77. Nc8 Ba4 78.
Kb6 Kd7 79. Nd6 Bc6 80. Nc4 Bg2 81. Ne5+ Ke6 82. Nc6 Kd7 83. Ne5+ Ke6 84. Nd3
Kd7 85. Nf4 Bf3 86. Kb5 Bc6+ 87. Kc4 Bf3 88. Ng6 Bg2 89. Kd4 Kc7 90. Nf4 Bf3
1/2-1/2

[Event "Ivy League Chess Challenge"]
[Site "Toronto CAN"]
[Date "2019.11.09"]
[Round "4.10"]
[White "McNamara, Tanner"]
[Black "Yi, Richard"]
[Result "0-1"]
[WhiteElo "1983"]
[BlackElo "2083"]
[PlyCount "70"]
[EventDate "2019.11.08"]
[EventType "team"]
[EventRounds "5"]
[EventCountry "CAN"]
[WhiteTeam "Toronto B"]
[BlackTeam "MIT"]

1. d4 d6 2. Nf3 g6 3. c4 f5 4. g3 Nf6 5. Bg2 Bg7 6. O-O O-O 7. Nc3 c6 8. Qc2
Qc7 9. b3 e5 10. dxe5 dxe5 11. Ba3 Re8 12. Rad1 Nbd7 13. Bd6 Qb6 14. Na4 Qa5
15. b4 Qa6 16. Qb3 Nb6 17. Nb2 Be6 18. Nxe5 Ng4 19. Ned3 Bxc4 20. Nxc4 Qxc4 21.
Qxc4+ Nxc4 22. Nc5 Rxe2 23. Nxb7 Rc8 24. h3 Nge5 25. Bxe5 Nxe5 26. Rd8+ Rxd8
27. Nxd8 Rc2 28. f4 Nc4 29. Bxc6 Bd4+ 30. Kh1 Ne3 31. Re1 Rxa2 32. Ne6 Bb6 33.
Nc5 Ra3 34. Kg1 Nc2 35. Bd5+ Kf8 0-1

[Event "Ivy League Chess Challenge"]
[Site "Toronto CAN"]
[Date "2019.11.09"]
[Round "4.11"]
[White "Zhong, Howard"]
[Black "Lin, Juntong"]
[Result "1-0"]
[WhiteElo "2024"]
[BlackElo "1920"]
[PlyCount "87"]
[EventDate "2019.11.08"]
[EventType "team"]
[EventRounds "5"]
[EventCountry "CAN"]
[WhiteTeam "MIT"]
[BlackTeam "Toronto B"]

1. d4 Nf6 2. c4 g6 3. Nc3 d5 4. Nf3 Bg7 5. Qb3 c6 6. Bg5 dxc4 7. Qxc4 Bf5 8.
Nh4 Be6 9. Qd3 Nd5 10. Nxd5 Qxd5 11. Nf3 Bg4 12. e4 Qa5+ 13. Bd2 Qb6 14. Bc3
Bxf3 15. gxf3 O-O 16. Rd1 Nd7 17. f4 Rfd8 18. Be2 Nf6 19. h4 Qc7 20. Qf3 Nh5
21. e5 Qd7 22. Qe4 Qd5 23. Qxd5 Rxd5 24. Bf3 Rd7 25. Bxh5 gxh5 26. Rg1 h6 27.
Rd3 Kh7 28. Rdg3 Rg8 29. Ke2 Rdd8 30. Ke3 Bh8 31. Rxg8 Rxg8 32. Rxg8 Kxg8 33.
Bb4 e6 34. Be7 Kh7 35. f5 exf5 36. Kf4 Kg6 37. Bf8 Kh7 38. Kxf5 b6 39. b4 b5
40. a3 a6 41. f3 Bg7 42. Bxg7 Kxg7 43. f4 Kg8 44. Kf6 1-0

[Event "Ivy League Chess Challenge"]
[Site "Toronto CAN"]
[Date "2019.11.09"]
[Round "4.12"]
[White "Hay, Jonathan"]
[Black "Le, Nguyen"]
[Result "0-1"]
[WhiteElo "1838"]
[BlackElo "1976"]
[PlyCount "62"]
[EventDate "2019.11.08"]
[EventType "team"]
[EventRounds "5"]
[EventCountry "CAN"]
[WhiteTeam "Toronto B"]
[BlackTeam "MIT"]

1. d4 Nf6 2. Bf4 e6 3. e3 c5 4. Nf3 Qb6 5. Na3 d5 6. Nb5 Na6 7. a4 c4 8. Ne5
Nd7 9. b3 Nxe5 10. Bxe5 cxb3 11. c3 f6 12. Bg3 Be7 13. Bd3 O-O 14. Qxb3 Bd7 15.
O-O Bc6 16. Qc2 f5 17. Bc7 Nxc7 18. a5 Qxb5 19. Bxb5 Bxb5 20. Rfb1 a6 21. f3
Ne8 22. e4 fxe4 23. fxe4 Nd6 24. exd5 exd5 25. Re1 Bf6 26. Re6 Nc4 27. Rae1
Nxa5 28. h3 Nc4 29. g4 Bh4 30. R1e2 Rf3 31. Kg2 Raf8 0-1

[Event "Ivy League Chess Challenge"]
[Site "Toronto CAN"]
[Date "2019.11.10"]
[Round "5.1"]
[White "Tang, Andrew"]
[Black "Jacobson, Aaron"]
[Result "1-0"]
[WhiteElo "2507"]
[BlackElo "2340"]
[PlyCount "67"]
[EventDate "2019.11.08"]
[EventType "team"]
[EventRounds "5"]
[EventCountry "CAN"]
[WhiteTeam "Princeton"]
[BlackTeam "Harvard"]

1. d4 e5 2. Nf3 e4 3. Ne5 Bb4+ 4. c3 Bf8 5. f3 d6 6. Ng4 f5 7. Nf2 d5 8. e3 Nf6
9. c4 c6 10. fxe4 fxe4 11. Qb3 Nbd7 12. cxd5 cxd5 13. Nc3 Nb8 14. Bd2 Nc6 15.
Rc1 Bb4 16. Ncxe4 Nxe4 17. Bxb4 Nxf2 18. Kxf2 Qh4+ 19. Kg1 Qg5 20. h4 Qg3 21.
Be1 Qd6 22. Rc5 Ne7 23. Bb4 Qe6 24. Rc7 Nf5 25. Rh3 Bd7 26. Rxb7 Qc6 27. Bc5
Nd6 28. Rb8+ Rxb8 29. Qxb8+ Nc8 30. Rf3 a6 31. Qe5+ Qe6 32. Qxg7 Qg8 33. Qe5+
Kd8 34. Rf8+ 1-0

[Event "Ivy League Chess Challenge"]
[Site "Toronto CAN"]
[Date "2019.11.10"]
[Round "5.2"]
[White "Pinisetti, Prateek"]
[Black "Li, Ethan"]
[Result "1-0"]
[WhiteElo "2130"]
[BlackElo "2231"]
[PlyCount "69"]
[EventDate "2019.11.08"]
[EventType "team"]
[EventRounds "5"]
[EventCountry "CAN"]
[WhiteTeam "Harvard"]
[BlackTeam "Princeton"]

1. e4 c5 2. Nf3 d6 3. d4 cxd4 4. Nxd4 Nf6 5. Nc3 a6 6. Bc4 e6 7. O-O b5 8. Bb3
Be7 9. Qf3 Qc7 10. Qg3 O-O 11. Bh6 Ne8 12. Rad1 Bd7 13. f4 Nc6 14. Nxc6 Bxc6
15. f5 Kh8 16. f6 Bxf6 17. Rxf6 gxh6 18. Rxh6 Rg8 19. Qf4 Qa7+ 20. Kh1 Qe7 21.
Rf1 Ra7 22. Rf3 Qg5 23. Rxh7+ Kxh7 24. Rh3+ Kg6 25. Rg3 Qxg3 26. Qxg3+ Kh7 27.
Qh3+ Kg7 28. Qe3 Rb7 29. Ne2 Kf8 30. Nd4 Bd7 31. Qf3 Ke7 32. e5 Rc7 33. Qf4 Rc5
34. Qh4+ Kf8 35. exd6 1-0

[Event "Ivy League Chess Challenge"]
[Site "Toronto CAN"]
[Date "2019.11.10"]
[Round "5.3"]
[White "Yang, Christopher"]
[Black "Ascherman, Sarah"]
[Result "1-0"]
[WhiteElo "2145"]
[BlackElo "1937"]
[PlyCount "69"]
[EventDate "2019.11.08"]
[EventType "team"]
[EventRounds "5"]
[EventCountry "CAN"]
[WhiteTeam "Princeton"]
[BlackTeam "Harvard"]

1. e4 c5 2. Nf3 e6 3. d4 a6 4. c3 Nf6 5. e5 Nd5 6. Bd3 d6 7. O-O Be7 8. exd6
Bxd6 9. Nbd2 Nd7 10. Ne4 Be7 11. Re1 O-O 12. Bc2 c4 13. a4 Rb8 14. Qe2 Qc7 15.
Neg5 N5f6 16. Nxe6 fxe6 17. Qxe6+ Rf7 18. Ng5 Ne5 19. Qxe5 Bd6 20. Qe2 Bg4 21.
Bxh7+ Kh8 22. Qc2 Re7 23. Rxe7 Qxe7 24. Bd2 Re8 25. Bg6 Rf8 26. Re1 Qc7 27. h3
Bxh3 28. Nxh3 Bh2+ 29. Kh1 Ng4 30. Qe4 Nxf2+ 31. Nxf2 Qg3 32. Qg4 Qxg4 33. Nxg4
Bg3 34. Rd1 b6 35. Kg1 1-0

[Event "Ivy League Chess Challenge"]
[Site "Toronto CAN"]
[Date "2019.11.10"]
[Round "5.4"]
[White "Papanek, Ella"]
[Black "Martinez, Isaac"]
[Result "0-1"]
[WhiteElo "1789"]
[BlackElo "2063"]
[PlyCount "58"]
[EventDate "2019.11.08"]
[EventType "team"]
[EventRounds "5"]
[EventCountry "CAN"]
[WhiteTeam "Harvard"]
[BlackTeam "Princeton"]

1. d4 Nf6 2. c4 e6 3. Nc3 Bb4 4. f3 d5 5. cxd5 exd5 6. Bg5 O-O 7. Rc1 Bf5 8. g4
Be6 9. h4 c5 10. a3 Bxc3+ 11. bxc3 Nbd7 12. h5 Qa5 13. Bd2 Qc7 14. Qc2 Nb6 15.
Nh3 cxd4 16. g5 Ne8 17. g6 fxg6 18. hxg6 h6 19. cxd4 Nc4 20. f4 Bf5 21. Qc3
Ned6 22. Bg2 Be4 23. Bf3 Qe7 24. Ng5 Rae8 25. Rh2 Rf6 26. f5 Rxf5 27. Bg4 Rxg5
28. Bxg5 Qxg5 29. Bd7 Qg1# 0-1

[Event "Ivy League Chess Challenge"]
[Site "Toronto CAN"]
[Date "2019.11.10"]
[Round "5.5"]
[White "Wenzhi, Dai"]
[Black "Webster, Dex"]
[Result "0-1"]
[WhiteElo "2093"]
[BlackElo "2077"]
[PlyCount "59"]
[EventDate "2019.11.08"]
[EventType "team"]
[EventRounds "5"]
[EventCountry "CAN"]
[WhiteTeam "Toronto B"]
[BlackTeam "Yale"]

1. e4 c5 2. Nf3 e6 3. d4 cxd4 4. Nxd4 a6 5. c4 Nf6 6. Nc3 Bb4 7. Bd3 Bxc3+ 8.
bxc3 d6 9. Ba3 e5 10. Nc2 Qc7 11. Ne3 Be6 12. O-O O-O 13. Nd5 Bxd5 14. cxd5
Nbd7 15. c4 Nc5 16. Qe2 Qa5 17. Bb2 Rfc8 18. Rfc1 b5 19. cxb5 axb5 20. Bxb5
Nfxe4 21. a4 Nf6 22. Bc3 Qa7 23. Bc6 Nb3 24. Qc4 Nxc1 25. Rxc1 Qxa4 26. Qxa4
Rxa4 27. Bxa4 Nxd5 28. Bd2 Rc7 29. Rc2 Rxc2 30. Bc1 0-1

[Event "Ivy League Chess Challenge"]
[Site "Toronto CAN"]
[Date "2019.11.10"]
[Round "5.6"]
[White "Khanna, Nalin"]
[Black "McNamara, Tanner"]
[Result "1-0"]
[WhiteElo "2107"]
[BlackElo "1983"]
[PlyCount "55"]
[EventDate "2019.11.08"]
[EventType "team"]
[EventRounds "5"]
[EventCountry "CAN"]
[WhiteTeam "Yale"]
[BlackTeam "Toronto B"]

1. e4 e5 2. Nf3 Nc6 3. Bc4 Nf6 4. d3 Bc5 5. c3 O-O 6. O-O d5 7. exd5 Nxd5 8.
Re1 Bg4 9. h3 Bh5 10. Nbd2 f5 11. Qb3 Bf7 12. Nxe5 Nxe5 13. Rxe5 c6 14. a4 Qh4
15. d4 Bd6 16. Nf3 Qh5 17. Re1 Nf4 18. Bxf4 Bxf4 19. Re7 Bxc4 20. Qxc4+ Kh8 21.
d5 Bd6 22. Rd7 Rad8 23. dxc6 bxc6 24. Qxc6 Rxd7 25. Qxd7 Bb8 26. Rd1 g5 27. Qe7
Qh6 28. Rd8 1-0

[Event "Ivy League Chess Challenge"]
[Site "Toronto CAN"]
[Date "2019.11.10"]
[Round "5.7"]
[White "Lin, Juntong"]
[Black "Vishwanathan, Ram"]
[Result "1-0"]
[WhiteElo "1920"]
[BlackElo "1922"]
[PlyCount "71"]
[EventDate "2019.11.08"]
[EventType "team"]
[EventRounds "5"]
[EventCountry "CAN"]
[WhiteTeam "Toronto B"]
[BlackTeam "Yale"]

1. d4 d5 2. c4 e6 3. Nc3 Nf6 4. Nf3 c6 5. e3 Nbd7 6. Bd3 dxc4 7. Bxc4 b5 8. Bd3
a6 9. O-O c5 10. Qe2 Bb7 11. Rd1 Qc7 12. a3 Bd6 13. dxc5 Qxc5 14. e4 Bc7 15.
Be3 Qh5 16. Rac1 Rc8 17. a4 bxa4 18. Bxa6 Bxa6 19. Qxa6 O-O 20. Nxa4 Ne5 21.
Nxe5 Qxe5 22. g3 Ra8 23. Qc4 Ng4 24. Bd4 Qxe4 25. Bxg7 Rxa4 26. Qxe4 Rxe4 27.
Bxf8 Kxf8 28. Rxc7 Re2 29. b4 Nxf2 30. Kf1 Rb2 31. Rdd7 Ng4 32. Rxf7+ Ke8 33.
Rxh7 Nxh2+ 34. Ke1 Nf3+ 35. Kd1 Kd8 36. Ra7 1-0

[Event "Ivy League Chess Challenge"]
[Site "Toronto CAN"]
[Date "2019.11.10"]
[Round "5.8"]
[White "Gerasimiuk, Michal"]
[Black "Hay, Jonathan"]
[Result "0-1"]
[WhiteElo "1642"]
[BlackElo "1838"]
[PlyCount "94"]
[EventDate "2019.11.08"]
[EventType "team"]
[EventRounds "5"]
[EventCountry "CAN"]
[WhiteTeam "Yale"]
[BlackTeam "Toronto B"]

1. e4 c6 2. d4 d5 3. Nd2 dxe4 4. Nxe4 Bf5 5. Ng3 Bg6 6. h4 h6 7. Nf3 e6 8. h5
Bh7 9. Bd3 Bxd3 10. Qxd3 Nf6 11. Bd2 c5 12. O-O-O Nc6 13. Bc3 Nd5 14. dxc5 Qc7
15. Ne4 O-O-O 16. g3 f5 17. Nd6+ Bxd6 18. cxd6 Rxd6 19. Qc4 Rhd8 20. Be5 Nxe5
21. Nxe5 Nf6 22. Qxc7+ Kxc7 23. Rxd6 Rxd6 24. f3 Rd5 25. Nc4 Rd4 26. b3 b5 27.
Nd2 Kd6 28. c4 a6 29. Kc2 e5 30. a3 e4 31. fxe4 fxe4 32. Re1 Ke6 33. Re3 Kf5
34. Kc3 Rd7 35. g4+ Kf4 36. Re1 e3 37. Nf1 Nxg4 38. c5 Kf3 39. Nxe3 Nxe3 40.
Rg1 Nd5+ 41. Kd4 Nf6+ 42. Ke5 Rd5+ 43. Ke6 Rxc5 44. Rxg7 Nxh5 45. Rf7+ Nf4+ 46.
Kd6 Rd5+ 47. Kc6 Rd3 0-1

[Event "Ivy League Chess Challenge"]
[Site "Toronto CAN"]
[Date "2019.11.10"]
[Round "5.9"]
[White "Patel, Advait"]
[Black "Altschuler, Jason"]
[Result "0-1"]
[WhiteElo "2460"]
[BlackElo "2198"]
[PlyCount "80"]
[EventDate "2019.11.08"]
[EventType "team"]
[EventRounds "5"]
[EventCountry "CAN"]
[WhiteTeam "Toronto A"]
[BlackTeam "MIT"]

1. e4 e5 2. Nf3 Nc6 3. Bb5 a6 4. Ba4 Nf6 5. O-O b5 6. Bb3 Be7 7. d3 O-O 8. Nc3
d6 9. a3 Be6 10. Nd5 Na5 11. Ba2 c6 12. Nxf6+ Bxf6 13. Bxe6 fxe6 14. b4 Nb7 15.
c4 a5 16. Rb1 Qd7 17. Bb2 axb4 18. axb4 Ra4 19. Bc3 Nd8 20. d4 exd4 21. Bxd4
Be7 22. Be3 Qb7 23. Nd4 d5 24. cxd5 cxd5 25. Qg4 Qd7 26. exd5 Qxd5 27. Rfd1 Qc4
28. Rdc1 Qd5 29. Rc7 Rf7 30. Rd1 Rxb4 31. Qe2 Qe4 32. Nc2 Rb2 33. f3 Qf5 34.
Bd4 Ra2 35. Bb6 b4 36. Qc4 Ra8 37. Rc8 Rxc8 38. Qxc8 Rf8 39. Bxd8 Bc5+ 40. Nd4
Qd5 0-1